Toronto Raptors Current Roster 2025-2026 Season - Statistics

General Stats
  • This quiz has been taken 39 times
    26 since last reset
  • The average score is 9 of 17
Answer Stats
# Player % Correct
9 RJ Barrett
100%
4 Scottie Barnes
100%
3 Brandon Ingram
86%
5 Immanuel Quickley
86%
19 Jakob Poeltl
71%
54 Sandro Mamukelashvili
57%
0 A.J. Lawson
43%
55 Alijah Martin
43%
1 Gradey Dick
43%
23 Jamal Shead
43%
77 Jamison Battle
43%
2 Jonathan Mogbo
43%
24 Chucky Hepburn
29%
12 Colin Murray-Boyles
29%
17 Garrett Temple
29%
14 Ja'Kobe Walter
29%
32 Trayce Jackson-Davis
29%
No matching quizzes found
Score Distribution
Percent of People with Each Score
Percentile by Number Answered
Your Score History
You have not taken this quiz since the last reset